Tamil Sangam Women Poets (42 Poets -184 Poem) In Translation / (Record no. 205329)

MARC details
000 -LEADER
fixed length control field 00630nam a22001937a 4500
005 - DATE AND TIME OF LATEST TRANSACTION
control field 20240828114715.0
010 ## - LCCN (DPL NO)
LC control number ENG-141490
020 ## - INTERNATIONAL STANDARD BOOK NUMBER
Terms of availability 150.00
International Standard Book Number 9788123433660
035 ## - SYSTEM CONTROL NUMBER
System control number EN-125022
037 ## - SOURCE OF ACQUISITION
Source of stock number/acquisition DBAD
082 ## - DEWEY DECIMAL CLASSIFICATION NUMBER
Classification number 881
245 ## - TITLE STATEMENT
Title Tamil Sangam Women Poets (42 Poets -184 Poem) In Translation /
Statement of responsibility, etc Translated by K.S. Subramanian
250 ## - EDITION STATEMENT
Edition statement First
260 ## - PUBLICATION, DISTRIBUTION, ETC. (IMPRINT)
Place of publication, distribution, etc Chennai
Name of publisher, distributor, etc New Century Books House (P) LTD.
Date of publication, distribution, etc 2017
270 ## - ADDRESS
City Chennai
Address 41-b, Sidco Industrial Estate,Ambattur
Postal code 600098
300 ## - PHYSICAL DESCRIPTION
Extent 234 p.
Dimensions 22 cm(Pb)
700 ## - ADDED ENTRY--PERSONAL NAME
Personal name Subramanian, K.S.
Relator term Translator
9 (RLIN) 70628
942 ## - ADDED ENTRY ELEMENTS (KOHA)
Source of classification or shelving scheme Dewey Decimal Classification
Item type English Books
Classification part 881
Call number suffix SUB
Holdings
Withdrawn status Lost status Not for loan Home library Current library Date acquired Source of acquisition Cost, normal purchase price Full call number Barcode Copy number Cost, replacement price Koha item type
      D.B.Act.Division D.B.Act.Division 28/08/2024 DBAD 210.00 881 SUB EN-125022 1 210.00 English Books

© Delhi Public Library
Hit Counter
free hit counter